MARC

LEADER 00000nam0a2200000 4500
001 81338
005 20231031095124.0
035 |a (RuTPU)RU\TPU\book\87438 
090 |a 81338 
100 |a 20050920d1975 k y0rusy50 ca 
101 0 |a rus 
102 |a RU 
105 |a a z 001zy 
200 1 |a Автономные допплеровские устройства и системы навигации летательных аппаратов  |f В. Е. Колчинский, И. А. Мандуровский, М. И. Константиновский  |g под ред. В. Е. Колчинского 
210 |a Москва  |c Советское радио  |d 1975 
215 |a 432 с.  |c ил. 
320 |a Библиогр.: с. 418-423 
320 |a Предметный указатель: с. 424-428 
610 1 |a летательные аппараты 
610 1 |a навигационные системы 
610 1 |a доплеровские устройства 
610 1 |a эффект Доплера 
610 1 |a аэронавигационное оборудование 
675 |a 629.735:621.3  |v 3 
700 1 |a Колчинский  |b В. Е.  |g Владимир Ефимович 
701 1 |a Мандуровский  |b И. А.  |g Игорь Алексеевич 
701 1 |a Константиновский  |b М. И.  |g Михаил Иосифович 
702 1 |a Колчинский  |b В. Е.  |g Владимир Ефимович  |4 340 
801 1 |a RU  |b 63413507  |c 20050920  |g PSBO 
801 2 |a RU  |b 63413507  |c 20180802  |g PSBO 
942 |c BK